[Event "23. Copenhagen Open  (Politiken Cup)"]
[Site "Copenhagen"]
[Date "2001.07.20"]
[Round "5"]
[White "Tandrup, Michael"]
[Black "Hassan, Omar Elsayed"]
[Result "1/2-1/2"]
[WhiteElo "1795"]
[BlackElo "2100"]
[PlyCount "38"]
[EventDate "2001.07.16"]
[EventType "swiss"]
[EventRounds "11"]
[EventCountry "DEN"]
[SourceDate "2004.01.01"]

1. e4 d5 2. exd5 Nf6 3. d4 Bg4 4. f3 Bf5 5. Bb5+ Nbd7 6. c4 a6 7. Bxd7+ Qxd7 8.
Nc3 O-O-O 9. Qa4 Qxa4 10. Nxa4 e6 11. Ne2 Bd3 12. Bf4 Bb4+ 13. Kf2 exd5 14. c5
Nh5 15. Be3 Rhe8 16. Nac3 f5 17. a3 Bxc3 18. Nxc3 f4 19. Bd2 c6 1/2-1/2

[Event "23. Copenhagen Open  (Politiken Cup)"]
[Site "Copenhagen"]
[Date "2001.07.20"]
[Round "5"]
[White "Thompson, Ian D"]
[Black "Nielsen, Henrik Lindholt"]
[Result "0-1"]
[WhiteElo "2240"]
[BlackElo "2005"]
[PlyCount "60"]
[EventDate "2001.07.16"]
[EventType "swiss"]
[EventRounds "11"]
[EventCountry "DEN"]
[SourceDate "2004.01.01"]

1. c4 e6 2. Nc3 d5 3. cxd5 exd5 4. d4 Nf6 5. Bg5 Be7 6. e3 c6 7. Bd3 Qb6 8. Qc2
h6 9. Bxf6 Bxf6 10. Nxd5 Qa5+ 11. Nc3 Na6 12. Qd2 Nb4 13. Bb1 Nd5 14. Nge2 Nxc3
15. bxc3 Qg5 16. O-O h5 17. f4 Qa5 18. e4 Bg4 19. e5 Bd8 20. Ng3 Bb6 21. Bf5 g6
22. Bxg4 hxg4 23. Ne4 O-O-O 24. Qe2 Kb8 25. Qxg4 Qd5 26. Nf6 Qc4 27. Nd7+ Rxd7
28. Qxd7 Qxc3 29. Qxf7 Bxd4+ 30. Kh1 {#} Qg3 0-1

[Event "23. Copenhagen Open  (Politiken Cup)"]
[Site "Copenhagen"]
[Date "2001.07.20"]
[Round "5"]
[White "Tolstrup, Thomas"]
[Black "Aabling Thomsen, Jakob"]
[Result "0-1"]
[WhiteElo "2108"]
[BlackElo "1889"]
[PlyCount "64"]
[EventDate "2001.07.16"]
[EventType "swiss"]
[EventRounds "11"]
[EventCountry "DEN"]
[SourceDate "2004.01.01"]

1. Nf3 c5 2. c4 Nf6 3. Nc3 d5 4. cxd5 Nxd5 5. d4 cxd4 6. Qxd4 e6 7. Nxd5 exd5
8. Qe5+ Be6 9. Bg5 Qb6 10. Bd2 Nc6 11. Qc3 d4 12. Qc2 Be7 13. g3 Rc8 14. Bg2
Nb4 15. Qa4+ Bd7 16. Qd1 Nc2+ 17. Kf1 Nxa1 18. Qxa1 O-O 19. Ne5 Bb5 20. a4 Qa6
21. Bf3 Bd6 22. Ng4 Rfe8 23. Qd1 Bxa4 24. b3 Bb5 25. h4 Qa2 26. Kg2 Rc2 27. Bh6
Bxe2 28. Bxe2 Rcxe2 29. Qxd4 Bf8 30. Bg5 h5 31. Nf6+ gxf6 32. Qxf6 Rxf2+ 0-1

[Event "23. Copenhagen Open  (Politiken Cup)"]
[Site "Copenhagen"]
[Date "2001.07.20"]
[Round "5"]
[White "Visweswaran, Kameswaran"]
[Black "Lilja, Richard"]
[Result "1/2-1/2"]
[WhiteElo "2299"]
[BlackElo "2112"]
[PlyCount "89"]
[EventDate "2001.07.16"]
[EventType "swiss"]
[EventRounds "11"]
[EventCountry "DEN"]
[SourceDate "2004.01.01"]

1. e4 e5 2. Nf3 Nc6 3. Bb5 a6 4. Bxc6 dxc6 5. O-O Bg4 6. h3 h5 7. d3 Qf6 8. Be3
Bxf3 9. Qxf3 Qxf3 10. gxf3 Bd6 11. Nd2 Ne7 12. Kh1 O-O-O 13. Rg1 Rhg8 14. Rg2
c5 15. Rag1 g6 16. Bg5 Rd7 17. Bxe7 Bxe7 18. a4 b6 19. Nc4 Bf6 20. Ne3 Kb7 21.
b3 c6 22. Rb1 Bh4 23. Nd1 Rd6 24. Rg1 Kc7 25. Kg2 f5 26. Ne3 fxe4 27. fxe4 Rf6
28. f3 Rgf8 29. Rgf1 b5 30. axb5 axb5 31. Ra1 Bg5 32. Nd1 Kb7 33. Rf2 Bh4 34.
Rf1 Bg5 35. Nc3 Be3 36. Nd1 Bg5 37. Nc3 Be3 38. Ra2 g5 39. Nd1 Bf4 40. c4 g4
41. cxb5 gxf3+ 42. Rxf3 cxb5 43. Nc3 Rg6+ 44. Kf1 Rfg8 45. Ne2 1/2-1/2

[Event "23. Copenhagen Open  (Politiken Cup)"]
[Site "Copenhagen"]
[Date "2001.07.20"]
[Round "5"]
[White "Ward, Christopher"]
[Black "Jakobsen, Ole"]
[Result "1/2-1/2"]
[WhiteElo "2493"]
[BlackElo "2398"]
[PlyCount "24"]
[EventDate "2001.07.16"]
[EventType "swiss"]
[EventRounds "11"]
[EventCountry "DEN"]
[SourceDate "2004.01.01"]

1. d4 d5 2. c4 e6 3. Nc3 Be7 4. Nf3 Nf6 5. cxd5 exd5 6. Bg5 c6 7. Qc2 g6 8. e3
Bf5 9. Bd3 Bxd3 10. Qxd3 Nbd7 11. O-O O-O 12. Rab1 a5 1/2-1/2

[Event "23. Copenhagen Open  (Politiken Cup)"]
[Site "Copenhagen"]
[Date "2001.07.20"]
[Round "5"]
[White "Windekilde, Flemming"]
[Black "Jensen, Dan Bronnum"]
[Result "1-0"]
[WhiteElo "1744"]
[BlackElo "1324"]
[PlyCount "33"]
[EventDate "2001.07.16"]
[EventType "swiss"]
[EventRounds "11"]
[EventCountry "DEN"]
[SourceDate "2004.01.01"]

1. e4 c5 2. Nc3 Nc6 3. f4 d6 4. Nf3 g6 5. Bc4 Bg7 6. O-O e6 7. d3 Nge7 8. Qe1
O-O 9. f5 exf5 10. Qh4 h5 11. Bg5 Kh7 12. Nd5 f6 13. Nxf6+ Bxf6 14. Bxf6 Qe8
15. Ng5+ Kh6 16. Qf4 Rxf6 17. Nf7+ 1-0

[Event "23. Copenhagen Open  (Politiken Cup)"]
[Site "Copenhagen"]
[Date "2001.07.20"]
[Round "5"]
[White "Zachariassen, John"]
[Black "Radovic, Slobodan"]
[Result "1-0"]
[WhiteElo "1864"]
[BlackElo "1492"]
[PlyCount "65"]
[EventDate "2001.07.16"]
[EventType "swiss"]
[EventRounds "11"]
[EventCountry "DEN"]
[SourceDate "2004.01.01"]

1. e4 c5 2. Nf3 d6 3. g3 g6 4. Bg2 Bg7 5. O-O Nf6 6. d3 O-O 7. Nc3 e6 8. h3 Nc6
9. Nh2 e5 10. f4 exf4 11. gxf4 Nh5 12. Ne2 Nd4 13. Rf2 Nxe2+ 14. Qxe2 Bd4 15.
Be3 Bxb2 16. Raf1 Ng3 17. Qf3 Nxf1 18. Rxf1 f5 19. Kh1 Bd7 20. Qg3 Bc6 21. h4
Bf6 22. h5 Bh4 23. Qh3 gxh5 24. Rg1 Kh8 25. Nf3 Bf6 26. Qxh5 fxe4 27. Ng5 Bxg5
28. fxg5 exd3 29. Bxc6 bxc6 30. g6 Qe7 31. g7+ Qxg7 32. Rxg7 Kxg7 33. Bh6+ 1-0

[Event "23. Copenhagen Open  (Politiken Cup)"]
[Site "Copenhagen"]
[Date "2001.07.20"]
[Round "5"]
[White "van Dijk, Thomas"]
[Black "Nilsson, Nils Specht"]
[Result "1/2-1/2"]
[WhiteElo "1999"]
[BlackElo "2218"]
[PlyCount "81"]
[EventDate "2001.07.16"]
[EventType "swiss"]
[EventRounds "11"]
[EventCountry "DEN"]
[SourceDate "2004.01.01"]

1. d4 Nf6 2. c4 e6 3. Nc3 Bb4 4. f3 d5 5. a3 Bxc3+ 6. bxc3 O-O 7. Bg5 Nbd7 8.
e3 c5 9. Bd3 Qa5 10. Qd2 cxd4 11. cxd4 Qxd2+ 12. Kxd2 dxc4 13. Bxc4 h6 14. Bf4
Nb6 15. Bb3 Bd7 16. Ne2 Rfc8 17. Rhc1 Bb5 18. e4 Nc4+ 19. Bxc4 Rxc4 20. Rab1
Rxc1 21. Nxc1 Ba6 22. Nd3 Rd8 23. Ke3 g5 24. Bg3 Bxd3 25. Kxd3 b6 26. Rc1 Ne8
27. a4 Kf8 28. Rc6 Ke7 29. Kc4 h5 30. h4 gxh4 31. Bxh4+ Kd7 32. d5 Rc8 33. Rxc8
Nd6+ 34. Kd4 Nxc8 35. dxe6+ Kxe6 36. f4 f5 37. e5 a6 38. Bd8 Kd7 39. Bh4 Ke6
40. Bd8 Kd7 41. Bh4 1/2-1/2

[Event "23. Copenhagen Open  (Politiken Cup)"]
[Site "Copenhagen"]
[Date "2001.07.20"]
[Round "6"]
[White "Aird, Ian"]
[Black "Laustsen, Lars"]
[Result "0-1"]
[WhiteElo "2136"]
[BlackElo "1955"]
[PlyCount "58"]
[EventDate "2001.07.16"]
[EventType "swiss"]
[EventRounds "11"]
[EventCountry "DEN"]
[SourceDate "2004.01.01"]

1. d4 d5 2. Nf3 Nf6 3. e3 c5 4. dxc5 e6 5. b4 a5 6. c3 axb4 7. cxb4 b6 8. a4
bxc5 9. b5 Bd6 10. Bb2 Nbd7 11. Nbd2 O-O 12. Bd3 e5 13. e4 c4 14. Bb1 dxe4 15.
Nxe4 Nxe4 16. Bxe4 Nc5 17. Bxa8 Nd3+ 18. Ke2 Nxb2 19. Qc2 Nd3 20. Rhd1 e4 21.
Bxe4 Re8 22. Nd2 Qh4 23. Qxc4 Nf4+ 24. Kf1 Qxh2 25. g3 Bh3+ 26. Ke1 Qh1+ 27.
Nf1 Rxe4+ 28. Qxe4 Qxe4+ 29. Ne3 Bb4+ 0-1

[Event "23. Copenhagen Open  (Politiken Cup)"]
[Site "Copenhagen"]
[Date "2001.07.20"]
[Round "6"]
[White "Auchenberg, Einar"]
[Black "Nielsen, Thomas"]
[Result "1/2-1/2"]
[WhiteElo "1614"]
[BlackElo "2025"]
[PlyCount "99"]
[EventDate "2001.07.16"]
[EventType "swiss"]
[EventRounds "11"]
[EventCountry "DEN"]
[SourceDate "2004.01.01"]

1. d4 Nf6 2. Nc3 c6 3. Bg5 d5 4. f3 Nbd7 5. e4 dxe4 6. fxe4 Qa5 7. Nf3 Nxe4 8.
Bd2 Nxd2 9. Qxd2 g6 10. Bc4 Bg7 11. Bxf7+ Kxf7 12. Ng5+ Ke8 13. Ne6 Bf6 14. O-O
Nf8 15. b4 Qxb4 16. Nc7+ Kd8 17. Rxf6 exf6 18. Nxa8 Ne6 19. d5 Qd4+ 20. Qxd4
Nxd4 21. dxc6 bxc6 22. Rd1 c5 23. Nb5 Bg4 24. Rd2 Ke7 25. Nxd4 Rxa8 26. Nc6+
Ke8 27. Rd6 Bd7 28. Rxf6 a5 29. Ne5 Bf5 30. c3 Ke7 31. Rb6 Be4 32. Rb5 Kd6 33.
Nc4+ Kc6 34. Rxa5 Rxa5 35. Nxa5+ Kb5 36. Nb3 Bd5 37. Kf2 Kc4 38. g3 Kxc3 39.
Nxc5 Bxa2 40. Ke3 Bd5 41. Ne4+ Bxe4 42. Kxe4 Kd2 43. g4 Ke2 44. g5 Kf2 45. Ke5
Kf3 46. Kf6 Kg4 47. Kg7 Kxg5 48. Kxh7 Kh5 49. h4 Kxh4 50. Kxg6 1/2-1/2

[Event "23. Copenhagen Open  (Politiken Cup)"]
[Site "Copenhagen"]
[Date "2001.07.20"]
[Round "6"]
[White "Bekker Jensen, David"]
[Black "Mortensen, Erling"]
[Result "0-1"]
[WhiteElo "2284"]
[BlackElo "2423"]
[PlyCount "75"]
[EventDate "2001.07.16"]
[EventType "swiss"]
[EventRounds "11"]
[EventCountry "DEN"]
[SourceDate "2004.01.01"]

1. d4 g6 2. g3 Bg7 3. Bg2 d6 4. Nf3 Nd7 5. O-O e5 6. c4 Nh6 7. Nc3 O-O 8. e4 c6
9. h3 f5 10. Bg5 Qe8 11. Re1 f4 12. gxf4 Nf7 13. fxe5 Nxg5 14. Nxg5 dxe5 15. d5
Nf6 16. Ne2 Nh5 17. Qb3 Qe7 18. Nf3 a5 19. Rf1 Kh8 20. Rad1 Qc5 21. Rc1 b6 22.
Qd3 cxd5 23. exd5 Qd6 24. Nd2 Nf4 25. Ne4 Qd8 26. Rcd1 Rb8 27. b3 Qh4 28. Nxf4
exf4 29. Qf3 g5 30. Rfe1 {#} g4 31. hxg4 Bxg4 32. Qd3 f3 33. Rd2 fxg2 34. Kxg2
Bf3+ 35. Qxf3 Rxf3 36. Kxf3 Bh6 37. Rd3 Re8 38. Rd4 0-1

[Event "23. Copenhagen Open  (Politiken Cup)"]
[Site "Copenhagen"]
[Date "2001.07.20"]
[Round "6"]
[White "Bering, Anders"]
[Black "Visweswaran, Kameswaran"]
[Result "0-1"]
[WhiteElo "2106"]
[BlackElo "2299"]
[PlyCount "52"]
[EventDate "2001.07.16"]
[EventType "swiss"]
[EventRounds "11"]
[EventCountry "DEN"]
[SourceDate "2004.01.01"]

1. e4 c5 2. Nf3 d6 3. d4 cxd4 4. Qxd4 Nc6 5. Bb5 Bd7 6. Bxc6 Bxc6 7. c4 Nf6 8.
Nc3 g6 9. O-O Bg7 10. Qd3 O-O 11. Nd4 Qb6 12. Rd1 Ng4 13. Nd5 Bxd5 14. exd5 e5
15. Qe2 Nxf2 16. Qxf2 exd4 17. Rd3 Rfe8 18. b3 Re4 19. Bb2 Rae8 20. Rad1 Qa5
21. Rf1 f5 22. Bxd4 Re2 23. Qf3 Bxd4+ 24. Rxd4 Qb6 25. Qc3 R8e3 26. Qa1 Rd3 0-1

[Event "23. Copenhagen Open  (Politiken Cup)"]
[Site "Copenhagen"]
[Date "2001.07.20"]
[Round "6"]
[White "Brinck Claussen, Bjorn"]
[Black "Hagen, Andreas Skytte"]
[Result "0-1"]
[WhiteElo "2355"]
[BlackElo "2113"]
[PlyCount "74"]
[EventDate "2001.07.16"]
[EventType "swiss"]
[EventRounds "11"]
[EventCountry "DEN"]
[SourceDate "2004.01.01"]

1. e4 e6 2. d4 d5 3. Nd2 Nf6 4. e5 Nfd7 5. f4 c5 6. c3 Nc6 7. Ndf3 Qb6 8. g3
cxd4 9. cxd4 Bb4+ 10. Kf2 g5 11. fxg5 Ndxe5 12. Nxe5 Nxe5 13. Kg2 Nc6 14. Nf3
Bd7 15. h4 Bf8 16. b3 Bg7 17. Bb2 h6 18. Qd2 O-O-O 19. Rd1 f6 20. gxf6 Bxf6 21.
Kh2 Rdg8 22. Bh3 Rg6 23. Rhg1 Qc7 24. Qe3 Kb8 25. Ne5 Nxe5 26. dxe5 Be7 27. Bd4
Qa5 28. a4 b6 29. Rgf1 Rg7 30. Rf6 Rhg8 31. Rg1 h5 32. Bxe6 Bxe6 33. Rxe6 Bxh4
34. Qc1 Bxg3+ 35. Kh3 Qb4 36. Qc3 Qxc3 37. Bxc3 Rg4 0-1

[Event "23. Copenhagen Open  (Politiken Cup)"]
[Site "Copenhagen"]
[Date "2001.07.20"]
[Round "6"]
[White "Brondum, Eric"]
[Black "Auchenberg, Per"]
[Result "1-0"]
[WhiteElo "2224"]
[BlackElo "1842"]
[PlyCount "54"]
[EventDate "2001.07.16"]
[EventType "swiss"]
[EventRounds "11"]
[EventCountry "DEN"]
[SourceDate "2004.01.01"]

1. d4 e6 2. c4 b6 3. a3 Bb7 4. Nc3 d5 5. cxd5 exd5 6. Nf3 Nf6 7. Bg5 Be7 8. e3
O-O 9. Rc1 c6 10. Bd3 Nbd7 11. O-O Ne8 12. Bf4 Nd6 13. Re1 Re8 14. Qc2 Nf8 15.
Ne5 f6 16. Nf3 a5 17. Bg3 b5 18. e4 b4 19. Bxd6 Bxd6 20. axb4 axb4 21. Na4 dxe4
22. Bxe4 Qa5 23. Nc5 Bxc5 24. dxc5 Qc7 25. Qb3+ Kh8 26. Qxb4 Rab8 27. Bc2 Bc8
1-0

[Event "23. Copenhagen Open  (Politiken Cup)"]
[Site "Copenhagen"]
[Date "2001.07.20"]
[Round "6"]
[White "Christensen, Esben"]
[Black "Berg, Klaus"]
[Result "0-1"]
[WhiteElo "2115"]
[BlackElo "2438"]
[PlyCount "106"]
[EventDate "2001.07.16"]
[EventType "swiss"]
[EventRounds "11"]
[EventCountry "DEN"]
[SourceDate "2004.01.01"]

1. e4 c6 2. Nf3 d5 3. Nc3 Bg4 4. h3 Bh5 5. d4 e6 6. Be2 Nf6 7. exd5 cxd5 8. Ne5
Bxe2 9. Nxe2 Nc6 10. O-O Bd6 11. Nf3 Qc7 12. b3 O-O 13. Bb2 b5 14. c3 a5 15.
Qd3 b4 16. c4 dxc4 17. bxc4 Rfd8 18. Qe3 Be7 19. Rfd1 a4 20. Rac1 Na5 21. c5 a3
22. Ba1 Nd5 23. Qd3 Qc6 24. Ne5 Qa4 25. Qe4 Rac8 26. Re1 Bf6 27. Ng4 Be7 28.
Ne5 Nc6 29. Nc4 Qa6 30. Ne3 g6 31. Nxd5 exd5 32. Qf3 Kg7 33. Rb1 Qc4 34. Nc1
Bf6 35. Nb3 Ne7 36. Rec1 Qa6 37. Rc2 Rc6 38. Nc1 Rb8 39. Nd3 Qa4 40. Rb3 Re6
41. Re2 Rxe2 42. Qxe2 Nc6 43. Ne5 Re8 44. Qd2 Re6 45. Nxc6 Qxc6 46. Qxb4 Qa6
47. Bc3 Qe2 48. Qxa3 Bh4 49. Rb2 Bxf2+ 50. Kh2 Qf1 51. Rxf2 Qxf2 52. Qa8 Qf4+
53. Kg1 Qc1+ 0-1

[Event "23. Copenhagen Open  (Politiken Cup)"]
[Site "Copenhagen"]
[Date "2001.07.20"]
[Round "6"]
[White "Christensen, Stefan"]
[Black "Johansson, Thomas"]
[Result "1/2-1/2"]
[WhiteElo "2164"]
[BlackElo "2250"]
[Annotator "Thomas Johansson"]
[PlyCount "110"]
[EventDate "2001.07.16"]
[EventType "swiss"]
[EventRounds "11"]
[EventCountry "DEN"]
[SourceDate "2004.01.01"]

1. e4 c5 2. Nf3 Nc6 3. d4 cxd4 4. Nxd4 e5 5. Nb5 d6 6. c4 Be7 7. Bd3 Be6 8. b3
Rc8 9. O-O a6 10. N5c3 Bg5 11. Bb2 Nge7 12. Nd5 Ng6 13. Nbc3 O-O 14. g3 Nd4 15.
Re1 Bd2 16. Rf1 Bh6 17. Kh1 Bh3 18. Rg1 f5 19. exf5 Bxf5 20. Bxf5 Rxf5 21. Ne4
Nf3 22. Rf1 Qf8 23. Ne3 Rh5 24. Ng4 Bd2 25. Ngf6+ gxf6 26. Qxf3 f5 27. Qxh5
fxe4 28. Rad1 Bb4 29. Qg4 Qf3+ 30. Qxf3 exf3 31. a3 Bc5 32. b4 Ba7 33. Rxd6
Rxc4 34. Rd8+ Kf7 35. Rd7+ Ke6 36. Rxb7 Bd4 37. Bxd4 exd4 38. Rxh7 d3 39. Re1+
Ne5 40. Rh6+ Kd5 41. Rh8 Rc2 42. Rd8+ Kc4 43. h3 Re2 44. Rd1 Rxf2 45. g4 Re2
46. Kg1 Kc3 47. Kf1 Kc2 48. Ra1 Kd2 49. a4 Ke3 50. b5 axb5 51. axb5 Rh2 52. Kg1
Rb2 53. Re1+ Kf4 54. Rxe5 Kg3 55. Re1 {#} Rg2+ (55... Rg2+ 56. Kf1 (56. Kh1
Rh2+ 57. Kg1 f2+ 58. Kf1 Rh1#) 56... Rh2 $19) 1/2-1/2

[Event "23. Copenhagen Open  (Politiken Cup)"]
[Site "Copenhagen"]
[Date "2001.07.20"]
[Round "6"]
[White "Dalsberg, Sandra de Blecourt"]
[Black "Kaaber Hansen, Jacob"]
[Result "1/2-1/2"]
[WhiteElo "2055"]
[BlackElo "1846"]
[PlyCount "70"]
[EventDate "2001.07.16"]
[EventType "swiss"]
[EventRounds "11"]
[EventCountry "DEN"]
[SourceDate "2004.01.01"]

1. d4 Nf6 2. c4 g6 3. Nc3 d5 4. cxd5 Nxd5 5. e4 Nxc3 6. bxc3 Bg7 7. Nf3 c5 8.
Rb1 O-O 9. Be2 cxd4 10. cxd4 Nc6 11. d5 Na5 12. O-O Bg4 13. Bg5 f5 14. Nd2 Bxe2
15. Qxe2 h6 16. Be3 fxe4 17. Qg4 Kh7 18. Qxe4 Rf5 19. Rb5 b6 20. Nf3 Qd7 21. a4
Rc8 22. Rc1 Rxc1+ 23. Bxc1 Nb7 24. Nh4 Nc5 25. Rxc5 bxc5 26. Nxf5 gxf5 27. Qc4
Bd4 28. Be3 Bxe3 29. fxe3 Qd6 30. g3 Kg6 31. Kf2 h5 32. h4 Kf6 33. Qc3+ Kg6 34.
Qc4 Kf6 35. Qc3+ Kg6 1/2-1/2

[Event "23. Copenhagen Open  (Politiken Cup)"]
[Site "Copenhagen"]
[Date "2001.07.20"]
[Round "6"]
[White "Fant, Goran"]
[Black "Roder, Peter"]
[Result "0-1"]
[WhiteElo "2043"]
[BlackElo "2174"]
[PlyCount "86"]
[EventDate "2001.07.16"]
[EventType "swiss"]
[EventRounds "11"]
[EventCountry "DEN"]
[SourceDate "2004.01.01"]

1. Nf3 Nf6 2. c4 c5 3. Nc3 Nc6 4. e3 g6 5. d4 cxd4 6. exd4 d5 7. Bg5 Be6 8. Qa4
Bg7 9. Ne5 O-O 10. Nxc6 bxc6 11. c5 Bd7 12. f3 Qc7 13. O-O-O a5 14. Ne2 Qb7 15.
Bf4 Nh5 16. Bd2 f5 17. Nf4 e5 18. Nxh5 gxh5 19. Bc3 e4 20. f4 Qc7 21. g3 h4 22.
Be2 hxg3 23. hxg3 Be8 24. Rh2 Bg6 25. Rdh1 Bf6 26. Kd2 Ra7 27. Ke3 Rf7 28. Rc1
Rg7 29. Rh3 Be8 30. Be1 Bd8 31. Rc3 Rb7 32. Rb3 Rxb3+ 33. axb3 Qb8 34. Rh6 Rg6
35. Rh1 Rg7 36. Bf2 Rb7 37. Bd1 Rb4 38. Qa2 Qb5 39. Bc2 Bf6 40. Rd1 Bh5 41. Kd2
Bxd1 42. Bxd1 Bxd4 43. Be2 Qxc5 0-1

[Event "23. Copenhagen Open  (Politiken Cup)"]
[Site "Copenhagen"]
[Date "2001.07.20"]
[Round "6"]
[White "Furu, Thormod"]
[Black "Nielsen, Jan Mose"]
[Result "1/2-1/2"]
[WhiteElo "1775"]
[BlackElo "2054"]
[PlyCount "64"]
[EventDate "2001.07.16"]
[EventType "swiss"]
[EventRounds "11"]
[EventCountry "DEN"]
[SourceDate "2004.01.01"]

1. e4 c5 2. Nc3 Nc6 3. g3 d6 4. Bg2 e5 5. d3 h5 6. Be3 Nf6 7. Qd2 Be7 8. O-O-O
b5 9. f4 b4 10. Nd5 Qa5 11. Kb1 Rb8 12. Rf1 Nxd5 13. exd5 Nd4 14. Bxd4 cxd4 15.
Ne2 Bb7 16. fxe5 dxe5 17. Rf5 Bxd5 18. Bxd5 Qxd5 19. Rhf1 f6 20. Nf4 Qd7 21.
Nxh5 Rh7 22. Qe2 Qc6 23. Qg4 Rc8 24. R5f2 g5 25. Qf5 Rh6 26. h4 Kd8 27. Ng7
gxh4 28. gxh4 Rxh4 29. Ne6+ Ke8 30. Ng7+ Kd8 31. Ne6+ Ke8 32. Ng7+ Kd8 1/2-1/2

[Event "23. Copenhagen Open  (Politiken Cup)"]
[Site "Copenhagen"]
[Date "2001.07.20"]
[Round "6"]
[White "Gorecki, Zbigniew"]
[Black "Windekilde, Flemming"]
[Result "0-1"]
[WhiteElo "2000"]
[BlackElo "1744"]
[PlyCount "68"]
[EventDate "2001.07.16"]
[EventType "swiss"]
[EventRounds "11"]
[EventCountry "DEN"]
[SourceDate "2004.01.01"]

1. d4 Nf6 2. c4 g6 3. Nc3 d5 4. cxd5 Nxd5 5. Bd2 Bg7 6. e4 Nb6 7. Be3 O-O 8.
Qd2 Nc6 9. Rd1 e5 10. d5 Nd4 11. Bxd4 exd4 12. Nb5 Re8 13. f3 Nxd5 14. Bc4 Ne3
15. Rc1 Nxc4 16. Rxc4 Be6 17. Rc1 c6 18. Na3 f5 19. Qd3 fxe4 20. fxe4 Bd5 21.
Ne2 Bxe4 22. Qc4+ Bd5 23. Qd3 Re3 24. Qd2 Bxg2 25. Rg1 Bf3 26. Rg3 Rxe2+ 27.
Qxe2 Bxe2 28. Kxe2 Qh4 29. Rcg1 Qe4+ 30. Kd1 Re8 31. Nc2 Qe2+ 32. Kc1 Bh6+ 33.
Kb1 d3 34. Nd4 Qe1+ 0-1

[Event "23. Copenhagen Open  (Politiken Cup)"]
[Site "Copenhagen"]
[Date "2001.07.20"]
[Round "6"]
[White "Greiff, Hakan"]
[Black "Mortensen, Henrik"]
[Result "1/2-1/2"]
[WhiteElo "2299"]
[BlackElo "2075"]
[PlyCount "100"]
[EventDate "2001.07.16"]
[EventType "swiss"]
[EventRounds "11"]
[EventCountry "DEN"]
[SourceDate "2004.01.01"]

1. e4 e6 2. d4 d5 3. Nd2 dxe4 4. Nxe4 Nd7 5. Nf3 Ngf6 6. Bg5 Be7 7. Nxf6+ Nxf6
8. Bc4 c5 9. O-O cxd4 10. Qxd4 Qxd4 11. Nxd4 a6 12. Be2 e5 13. Nf3 e4 14. Nd4
O-O 15. Rfe1 Bc5 16. Nb3 Ba7 17. Rad1 Bf5 18. Nd4 Bg6 19. Bxf6 gxf6 20. g4 Rad8
21. Nf5 Bxf5 22. gxf5 e3 23. fxe3 Bxe3+ 24. Kg2 Rxd1 25. Bxd1 Bd4 26. c3 Be5
27. Bf3 Rd8 28. Re2 b6 29. c4 Rd4 30. b3 Kf8 31. Be4 a5 32. Kf3 Rd1 33. Kg2 Bf4
34. h3 Rd2 35. Rxd2 Bxd2 36. Kf3 h5 37. Ke2 Bf4 38. Bf3 h4 39. Kd3 Ke7 40. Ke4
Bg3 41. Kd5 Kd7 42. c5 bxc5 43. Kxc5 Kc7 44. Kb5 Be1 45. a3 Bd2 46. Bg4 Kb7 47.
Bf3+ Ka7 48. Bg4 Kb7 49. Bf3+ Ka7 50. Bg4 Kb7 1/2-1/2

[Event "23. Copenhagen Open  (Politiken Cup)"]
[Site "Copenhagen"]
[Date "2001.07.20"]
[Round "6"]
[White "Greisen, Flemming Dahl"]
[Black "Andersen, Matias Lolk"]
[Result "0-1"]
[WhiteElo "1425"]
[BlackElo "1146"]
[PlyCount "116"]
[EventDate "2001.07.16"]
[EventType "swiss"]
[EventRounds "11"]
[EventCountry "DEN"]
[SourceDate "2004.01.01"]

1. b4 d5 2. Bb2 Bf5 3. Nf3 Nd7 4. e3 e6 5. a3 Ngf6 6. d3 c5 7. c3 Bd6 8. Be2
O-O 9. Nh4 Bg6 10. Nxg6 fxg6 11. Nd2 b5 12. d4 c4 13. Qc2 e5 14. e4 Qe7 15. Bf3
exd4 16. cxd4 dxe4 17. Bxe4 Nxe4 18. Qxe4 Qxe4+ 19. Nxe4 Rfe8 20. f3 Nf6 21.
O-O Nxe4 22. fxe4 Rxe4 23. Rf3 a5 24. bxa5 Rxa5 25. Rb1 Ra7 26. g3 h6 27. Bc3
Rxa3 28. Rxb5 Rxd4 29. Ra5 Rd1+ 30. Kg2 Rxa5 31. Bxa5 Bc5 32. Rc3 Rd4 33. Rf3
Re4 34. Rc3 Kf7 35. Kf3 Rd4 36. Ke2 Ke6 37. Re3+ Kd5 38. Bc3 Re4 39. Rxe4 Kxe4
40. Bxg7 h5 41. Bh6 c3 42. Bc1 Be7 43. h4 Bd6 44. Kf2 Kd3 45. Kf3 Kc2 46. Be3
Kd1 47. Bd4 c2 48. Bb2 Be5 49. Ba3 Bc3 50. g4 Bd2 51. gxh5 gxh5 52. Ke4 Be1 53.
Kf5 Bxh4 54. Kf4 Be7 55. Bb2 Kd2 56. Kf3 Bg5 57. Kg3 Kd3 58. Kh3 Kc4 0-1

[Event "23. Copenhagen Open  (Politiken Cup)"]
[Site "Copenhagen"]
[Date "2001.07.20"]
[Round "6"]
[White "Hansen, Gunnar West"]
[Black "Nicolaisen, Erik"]
[Result "1/2-1/2"]
[WhiteElo "2198"]
[BlackElo "2015"]
[PlyCount "36"]
[EventDate "2001.07.16"]
[EventType "swiss"]
[EventRounds "11"]
[EventCountry "DEN"]
[SourceDate "2004.01.01"]

1. e4 e5 2. d4 exd4 3. Qxd4 Nc6 4. Qe3 Nf6 5. Nc3 Bb4 6. Bd2 O-O 7. O-O-O Re8
8. Bc4 Na5 9. Bd3 d5 10. e5 Nc6 11. f4 d4 12. Qf3 dxc3 13. Bxc3 Bxc3 14. Bxh7+
Nxh7 15. Rxd8 Bxb2+ 16. Kxb2 Rxd8 17. Ne2 Be6 18. Re1 a5 1/2-1/2

[Event "23. Copenhagen Open  (Politiken Cup)"]
[Site "Copenhagen"]
[Date "2001.07.20"]
[Round "6"]
[White "Hansen, Ib Lynaes"]
[Black "Thompson, Ian D"]
[Result "1/2-1/2"]
[WhiteElo "1866"]
[BlackElo "2240"]
[PlyCount "87"]
[EventDate "2001.07.16"]
[EventType "swiss"]
[EventRounds "11"]
[EventCountry "DEN"]
[SourceDate "2004.01.01"]

1. e4 e6 2. d4 d5 3. exd5 exd5 4. Bd3 Nc6 5. Ne2 Bg4 6. c3 Bd6 7. Qb3 Nge7 8.
O-O Rb8 9. Bg5 O-O 10. Nd2 Qd7 11. Qc2 h6 12. Bh4 b5 13. f3 Bf5 14. Bg3 Bxd3
15. Qxd3 Nf5 16. Bxd6 Nxd6 17. b3 Qf5 18. Qxf5 Nxf5 19. Rac1 g5 20. Kf2 Rfe8
21. Ng3 Ng7 22. b4 f5 23. f4 gxf4 24. Ne2 Nh5 25. Rfe1 Re7 26. Ng1 Rbe8 27.
Rxe7 Nxe7 28. Re1 Nf6 29. Re6 Kf7 30. Ra6 Ng4+ 31. Ke2 Nc8+ 32. Kf3 Re1 33. Nh3
Rc1 34. Rc6 Rc2 35. Rxc7+ Ne7 36. Ke2 Nf6 37. Kd3 Rxa2 38. Nxf4 Ke8 39. Rb7 Ne4
40. Nf3 Nf2+ 41. Ke3 Nd1+ 42. Kd3 Nf2+ 43. Ke3 Nd1+ 44. Kd3 1/2-1/2

[Event "23. Copenhagen Open  (Politiken Cup)"]
[Site "Copenhagen"]
[Date "2001.07.20"]
[Round "6"]
[White "Hassan, Omar Elsayed"]
[Black "Nielsen, Torben"]
[Result "1-0"]
[WhiteElo "2100"]
[BlackElo "1840"]
[PlyCount "73"]
[EventDate "2001.07.16"]
[EventType "swiss"]
[EventRounds "11"]
[EventCountry "DEN"]
[SourceDate "2004.01.01"]

1. d4 d5 2. c4 e6 3. Nc3 Nf6 4. Bg5 Be7 5. Nf3 c6 6. e3 Nbd7 7. Qc2 b6 8. cxd5
exd5 9. Bd3 Bb7 10. O-O O-O 11. Ne5 Nxe5 12. dxe5 Ne4 13. Bxe7 Qxe7 14. Nxe4
dxe4 15. Bxe4 Qxe5 16. Bxh7+ Kh8 17. Be4 Rae8 18. Bf3 Re6 19. Rfd1 Rh6 20. g3
Qe6 21. Bg2 Bc8 22. a4 c5 23. a5 Qg4 24. axb6 axb6 25. Ra8 Qh5 26. h4 Kg8 27.
Rd5 Qg4 28. Rg5 Qe6 29. Qc3 Rg6 30. Rxg6 Qxg6 31. Qe5 Qb1+ 32. Kh2 Qf5 33. Qc7
b5 34. e4 Qd7 35. Qxc5 Re8 36. e5 Rd8 37. Qd6 1-0